[Event "EU-Cup 18th"]
[Site "Kallithea"]
[Date "2002.09.27"]
[Round "6.6"]
[White "Alekseev, Evgeny V"]
[Black "Kazakov, Mikhail"]
[Result "1-0"]
[WhiteElo "2580"]
[BlackElo "2450"]
[Annotator "Erenburg,S"]
[PlyCount "93"]
[EventDate "2002.09.22"]
[EventType "team-swiss"]
[EventRounds "7"]
[EventCountry "GRE"]
[SourceTitle "CBM 092"]
[Source "ChessBase"]
[SourceDate "2003.02.06"]
[SourceVersion "1"]
[SourceVersionDate "2003.02.06"]
[SourceQuality "1"]
[WhiteTeam "St Petersburg"]
[BlackTeam "Karpaty"]
[WhiteTeamCountry "RUS"]
[BlackTeamCountry "UKR"]

1. e4 d6 2. d4 Nf6 3. Nc3 g6 4. Be3 c6 5. h3 {The one of the most popular
lines to fight for the advantage.} Qb6 {Very rare continuation. According to
my database this position appeared only in one game. Other possibilities are:}
(5... Bg7 {See commented game Sivokho,S-Lugovoi,A/St Petersburg-ch. 2001 CBM
83 [Finkel,A]}) (5... Qa5 {See commented game Smagin,S-Hebert,J/Montreal2 2000;
CBM73 [Finkel,A]}) 6. Qd2 $146 {[%mdl 8]} ({In Kindermann-Schlosser, Vienna op
1996 was:} 6. a3 Bg7 7. Nf3 O-O 8. Bd3 Nbd7 9. O-O Qc7 10. a4 e5 11. a5 $14) (
6. Qc1 $5) 6... Bg7 $6 ({If you say "a", you should say "b":} 6... Qxb2 7. Rb1
Qa3 8. f4 (8. Nf3 $44) 8... Bg7 $44) 7. O-O-O {White got all that he wanted
from the opening: he controls the center and ready for the typical strike
e4-e5, his king is absolutely, black king isn't on his place, while after
black castles, he will find himself under dangerous attack, which will start
with exchange of dark-squared bishops.} Qa5 $6 {Continuation of the game will
show that a5- definitely isn't the best place for a queen.} (7... O-O 8. g4 $40
(8. Bh6)) 8. Kb1 {[%cal Re4e5]} b5 $2 {Probably this mistake was the last
black's one in this game.} ({Deserved attention} 8... Nbd7 $5) (8... O-O 9. Bh6
{woth the attack}) 9. e5 $1 {[%csl Rf6]} dxe5 (9... Nh5 $4 10. g4 {[%csl Rh5]})
(9... Nfd7 10. exd6 ({Also good is} 10. e6 $5 fxe6 11. Nxb5 $16) 10... b4 (
10... exd6 11. Nxb5) 11. Ne4 Qd5 12. Nc5 $16) 10. dxe5 Nfd7 11. e6 $1 Ne5 (
11... fxe6 $2 12. Nxb5 $1) 12. exf7+ (12. f4 $142 b4 (12... Bxe6 13. fxe5 b4
14. Na4) 13. Na4 fxe6 14. Bc5 $1 {Probably this move Evgeny overlooked in his
calculations.} (14. fxe5 Qxa4) 14... Ned7 (14... Qxa4 $4 15. Qd8+) 15. Bxb4 $16
{/+-} Qxa4 $4 16. b3 $18) 12... Nxf7 13. Ne4 Qxd2 14. Rxd2 $16 {White has got
a clear advantage, because of weaknesses on both sides in black's camp.} Nd7
15. Nf3 O-O 16. Nd4 {[%csl Rc6][%cal Yd4b3,Yb3a5]} Nd8 17. Nb3 Nf6 18. Nxf6+
Bxf6 19. g3 $1 {[%csl Rc6][%cal Yf1g2,Yg2a8] A very strong move. After the
white bishop occupy the diagonal h1-a8, the black's queen side will fall apart.
} Nf7 20. Na5 Be6 21. Bg2 Nd6 22. Re1 (22. Nxc6 $18 {strong enough as well})
22... Nc4 23. Nxc4 Bxc4 24. Bxc6 $18 {White is a pawn up, also his pieces are
much more active, so the rest is just a matter of technic.} Rac8 25. Bg2 ({
Better was} 25. Bd7 {with fast victory. For example:} Rc7 (25... Rb8 26. Bc5) (
25... Ra8 26. Bc5) 26. Bh6 Ra8 27. Bf4 $18) 25... a5 26. Bd5+ Kg7 27. Bxc4 Rxc4
28. Rd5 Rb8 29. Red1 a4 30. Rd8 {The exchange of one pair of rooks makes
white's winning process easier.} Rxd8 31. Rxd8 Re4 32. b3 a3 33. Kc1 b4 34. Kd2
Kf7 35. Rd5 Re6 36. Bd4 {White is going to exchange the bishops and after this
to create a passed pawn (pawns) on the queen side.} Bxd4 37. Rxd4 Rb6 38. c3
bxc3+ 39. Kxc3 Rc6+ 40. Kd2 Ra6 41. Ra4 Rd6+ 42. Ke2 g5 43. Rxa3 {[%csl Ga2,
Gb3]} Rh6 44. b4 Rxh3 45. b5 {White's pawns are unstoppable.} Ke6 46. Rd3 Rh1
47. Rd1 1-0

[Event "EU-Cup 18th"]
[Site "Kallithea"]
[Date "2002.09.25"]
[Round "4.5"]
[White "Kazakov, Mikhail"]
[Black "Kuzmin, Gennadi P"]
[Result "1/2-1/2"]
[WhiteElo "2450"]
[BlackElo "2512"]
[Annotator "Erenburg,S"]
[PlyCount "63"]
[EventDate "2002.09.22"]
[EventType "team-swiss"]
[EventRounds "7"]
[EventCountry "GRE"]
[SourceTitle "CBM 092"]
[Source "ChessBase"]
[SourceDate "2003.02.06"]
[SourceVersion "1"]
[SourceVersionDate "2003.02.06"]
[SourceQuality "1"]
[WhiteTeam "Karpaty"]
[BlackTeam "Donetsk"]
[WhiteTeamCountry "UKR"]
[BlackTeamCountry "UKR"]

1. e4 d6 2. d4 Nf6 3. Nc3 g6 4. Be3 c6 5. Qd2 b5 6. Bd3 Nbd7 7. Nf3 e5 8. dxe5
(8. O-O Bb7 (8... exd4 9. Bxd4 b4 10. Ne2 c5 11. Be3 Bg7 12. a3 bxa3 13. Rxa3
O-O 14. Bh6 $14 {Zhao Zong Yuan-Wallace,J/Doeberl Cup 2000}) (8... a6 9. h3 (9.
dxe5 dxe5 10. a4 Rb8 11. Rfd1 Be7 12. axb5 axb5 13. h3 O-O 14. Ne2 Qc7 15. Ng3
$14 {Lehner,O-Chernin,A/ch-AUT (team) 1999}) 9... Bg7 10. a4 Bb7 11. axb5 cxb5
12. d5 O-O 13. Nh2 Qc7 14. Ng4 $14 {Sherzer,A-Lechtynsky,J/Brno-B 1993/CBM 38/
1-0 (26)}) 9. a4 (9. Rfe1 Bg7 10. Bh6 (10. dxe5 dxe5 11. h3 (11. a4 b4 12. Ne2
c5 {[%cal Gf6g4]})) 10... O-O 11. a4 $6 (11. Bxg7 Kxg7 12. dxe5 dxe5 13. a4)
11... exd4 12. Nxd4 b4 13. Nd1 c5 14. Bxg7 Kxg7 15. Nf3 Re8 $15 {[%csl Rd1,Re4]
Zapata,A-Hansen,C/Erevan olm 1996/EXT 96ch2/0-1 (52)}) (9. Bh6 Bxh6 10. Qxh6
Ng4 11. Qd2 O-O 12. h3 Ngf6 13. dxe5 Nxe5 14. Nxe5 dxe5 15. Rad1 Qe7 16. Ne2
Kg7 $11 {Ni Hua-Ponomariov,R/Ol (Children) 1999}) 9... a6 10. Rad1 {1/2-1/2
Gelfand,B-Ponomariov,R/Biel 2000/CBM 79/[Gelfand] (63)} (10. dxe5 dxe5 11. Rad1
$6 Bb4 $2 (11... Bg7 12. h3 O-O) (11... b4 $6 12. Ne2 c5 13. Ng3 Bg7 (13... Ng4
$2 14. Bc4 $18) 14. Bh6 (14. c3 $14) 14... O-O 15. Bxg7 Kxg7 16. Qg5 Qc7 17.
Bc4 $36) 12. Bh6 {[%csl Re8]} Qe7 $2 13. Qe2 Ng4 14. Bg5 f6 15. Bd2 $16 {
Hauchard,A-Leski,M/FRA-ch 1997})) 8... dxe5 9. h3 {[%csl Rg4][%cal Gf6g4]} Bb7
10. O-O $6 ({An interesting way to fight for an advantage is} 10. a4 $5 {
[%csl Rb5]} a6 11. O-O Bg7 ({After} 11... Qc7 $6 {white has a strong objection}
12. b4 $1 {[%csl Rc5]} Bxb4 $2 13. Nxb5) 12. Ne2 {[%cal Gc2c4]} Qe7 13. Ng3 O-O
14. c4 Rfd8 15. axb5 cxb5 16. cxb5 axb5 17. Rxa8 Bxa8 18. Qa5 b4 19. Rc1 Ne8
20. Bd2 Rb8 21. Bb5 Ndf6 22. Bxb4 $16 {1-0 Adams,M-Gurevich,M/Corus, Wijk aan
Zee NED 2002 (44)}) 10... Qc7 $5 {[%csl Yc7,Ye5][%cal Gd7c5,Yf8c5] Black
doesn't hurry to complete his development on the king side.} (10... Bg7 11. a4
a6 {-10.a4}) 11. Bh6 {White is trying to create some concrete problems for
black on the king side.} (11. a4 $2 b4 {[%csl Ra4,Rc3][%cal Yc3a4]} 12. Ne2 c5
{[%csl Re4][%cal Yb7e4,Gf6e4,Gc5c4]}) (11. Rfd1 {didn' promise anything for
white} Nc5) 11... Bxh6 ({Black had an interesting option:} 11... b4 $5 12. Ne2
c5 13. Bxf8 Rxf8 14. Ng3 $13) 12. Qxh6 Qd6 {[%cal Yd6f8] Black is going to
complete the development.} 13. a4 {If white doesn't succeed to make some
problems for black immediately, his position will be equal at the best case.} (
13. Rfd1 Qf8 {[%cal Yf8e7,Ye8g8]} 14. Qh4 Qe7 {with following castle.}) 13...
a6 (13... b4 14. Ne2 {[%cal Gf1d1]}) 14. axb5 cxb5 {[%cal Yb7e4,Gb5b4]} 15.
Rfe1 {[%csl Ye1]} Qf8 16. Qe3 Qb4 17. Nd5 {White opens the game, using the
fact, that black's monarch isn't safe yet.} Bxd5 (17... Nxd5 $6 18. exd5) 18.
exd5 {[%cal Ye1e5,Gf3e5]} O-O 19. Nxe5 {White had two alternative moves, but
after both of them black had at least equal position.} (19. Qd2 Qxd2 20. Nxd2
Nxd5 $11) (19. Qg5 $6 e4 20. Qh4 Rae8) 19... Nxe5 20. Qxe5 Rae8 {[%cal Rb4e1,
Re8e1]} 21. Qc3 $8 (21. c3 $2 Rxe5 22. cxb4 Rxe1+ 23. Rxe1 Nxd5) 21... Nxd5 ({
After} 21... Qxc3 {black could achieve an equal position as well.} 22. bxc3
Rxe1+ (22... Nxd5 $6 23. Rxe8 Rxe8 24. Rxa6 Nxc3 $14 {White has an advantage,
because R+B coordinates better than R+N.}) 23. Rxe1 Nxd5 24. c4 Nb4 $11) 22.
Qxb4 Nxb4 $11 23. Rxe8 Rxe8 24. Bf1 Nxc2 25. Rxa6 Re1 {[%cal Ge1b1]} 26. Rd6 {
[%cal Gd6d2]} b4 (26... Rb1 27. Rd2 Rxb2 $4 28. Bd3 $18 {[%csl Rb2,Rc2]}) 27.
Rd2 b3 28. Rd3 (28. f3 {would lead to the same position as in the game.}) 28...
Na1 29. f3 Rb1 30. Rd2 Nc2 31. Kf2 Rxb2 32. Bc4 (32. Bc4 Rb1 33. Bxb3 Rxb3 34.
Rxc2 $11) 1/2-1/2

[Event "World Youth Stars 3rd"]
[Site "Kirishi"]
[Date "2005.05.16"]
[Round "3"]
[White "Nepomniachtchi, Ian"]
[Black "Mamedov, Rauf"]
[Result "1/2-1/2"]
[WhiteElo "2505"]
[BlackElo "2511"]
[Annotator "Erenburg,S"]
[PlyCount "81"]
[EventDate "2005.05.14"]
[EventType "tourn"]
[EventRounds "11"]
[EventCountry "RUS"]
[EventCategory "10"]
[SourceTitle "CBM 107"]
[Source "ChessBase"]
[SourceDate "2005.08.01"]
[SourceVersion "1"]
[SourceVersionDate "2005.08.01"]
[SourceQuality "1"]

1. e4 c5 2. c3 d6 3. d4 Nf6 4. Bd3 {transforimng Alapin variation to Pirc
defence.} cxd4 {After Black has forced White to develop light-squared bishop
to d3 (which is not the best position), he decided to take on d4. Other
possibilities are:} (4... e5 $5 {is interesting alternative to 4...g6.} 5. Nf3
Nc6 6. dxe5 dxe5 7. O-O Be7 {---> 1/2-1/2 Erenburg,S-Vioreanu,B/Corte Ingles
XXIV 2003/[Erenburg] (32)}) (4... g6 5. Nf3 Bg7 6. O-O O-O 7. h3 $1 {---> 1/
2-1/2 Nisipeanu,L-Efimenko,Z/Germany 2004/CBM 100_01/[Erenburg] (23)}) 5. cxd4
g6 6. h3 {preventing a pin along the h5-d1 diagonal.} Bg7 7. Nf3 O-O 8. O-O Nc6
9. Nc3 e5 {Black has completed his development, this enabled an immediate
attack on White's centre.} 10. dxe5 ({Another logical continuation is} 10. d5
Ne7 11. Be3 Nh5 12. Rc1 Nf4 13. Nb5 a6 14. Nc7 Rb8 15. a4 $14 {1-0 Fedorov,
A-Bologan,V/Belfort 1999/CBM 75 (28)}) 10... dxe5 11. Be3 {White hopes to get
an advantage, thanks to his better located dark-squared bishop, than black's
one. Now White threats with an occupation of a3-f8 diagonal.} Qe7 {covering
the c5 square. Black tried also} (11... Re8 12. Bc4 Be6 13. Bxe6 fxe6 $2 $16 {
---> 1-0 Luther,T-Gauglitz,G/Zittau 1989/CBM 012/[Bulletin] (36)}) (11... Be6
12. Bb5 $14 {---> 1-0 Adams,M-Gelfand,B/Wijk aan Zee (m/5) 1994/[Adams,M] (75)}
) (11... Nh5 {---> 1-0 Adams,M-McShane,L/Great Britain (ch) 1997/Inf 70/[Adams,
Mi] (53)}) 12. Nd5 {This is the most aggressive attempt to achieve an
advantage in this position. Other ones are:} (12. Bg5 Be6 13. Nd5 Bxd5 14. exd5
Nd4 15. Nxd4 exd4 16. Qb3 Qd7 17. Bc4 Ne4 18. Bf4 Rac8 19. Rae1 Qf5 20. Bd3
Qxf4 21. Rxe4 Qc7 22. Rfe1 Bf6 $11 {1/2-1/2 Mamedyarov,S-Mamedov,R/Dubai UAE
2005/The Week in Chess 544 (27)}) (12. Bc4 Rd8 13. Nd5 Nxd5 14. Bxd5 Be6 15.
Qb3 Bxd5 16. exd5 Nd4 17. Bxd4 exd4 18. Rfe1 Qd6 {1/2-1/2 Mikac,M-Velickovic,Z/
Maribor SLO 2004/The Week in Chess 505 (18)}) (12. Bb5 Rd8 13. Qa4 Bd7 14. Bg5
a6 15. Nd5 Nxd5 16. Bxc6 Nf6 17. Bxd7 Qxd7 18. Qb3 Qe7 $11 {1/2-1/2 Sermek,
D-Velickovic,Z/Celje SLO 2004/The Week in Chess 526 (27)}) 12... Qd6 $146 {
In a previous game Black tried a capture on d5:} (12... Nxd5 13. exd5 Nb4 14.
Bc4 Bf5 15. Rc1 Rac8 16. Qd2 Nc2 17. Bb3 Nxe3 18. Qxe3 a6 $15 {/= 0-1 Rabiega,
R-Milov,V/Budapest 1993/CBM 037 ext (58)}) 13. Rc1 {threatening with Bc5.} Rd8
14. Bc5 ({Probably, more principled was} 14. Bg5 Nxd5 (14... h6 $5 15. Bxf6
Bxf6 16. Qb3 $14) 15. exd5 (15. Bxd8 Nf4 16. Bb5 Qxd8 17. Bxc6 Qxd1 18. Rcxd1
bxc6 19. Rd8+ Bf8 $15) 15... Ne7 16. Nd2 $1 {[%cal Yd2e4]} Qxd5 17. Bc4 Qd7 18.
Ne4 $44) 14... Qd7 15. Qb3 ({White doesn't get anything special after} 15.
Nxf6+ Bxf6 16. Bc4 b6 17. Ba3 Bb7 18. Qe2 Rac8 $11) 15... Nxd5 16. exd5 Na5 $1
({Of course not} 16... Qxd5 $2 17. Bc4 Qd7 18. Ng5 $16) 17. Qa3 ({After} 17.
Qb4 {Black is OK:} Qxd5 18. Be4 Nc6 $1 19. Bxd5 Nxb4 20. Bxf7+ Kxf7 21. Bxb4 e4
22. Ng5+ Kg8 23. Bc3 Bh6 24. Bf6 Rf8 25. Be7 Re8 26. Bf6 Rf8 $11) 17... Qxd5
18. Rfd1 Nc6 $8 {protecting the rook on the 8th rank.} 19. Bc2 Qe6 {Again the
only move.} ({Much worse is} 19... Qc4 $2 20. Bb3 Rxd1+ 21. Rxd1 Qf4 22. Be3
Qf6 23. Ng5 $16) 20. Ng5 ({White doesn't succeed to use a development
advantage after trading the rooks:} 20. Rxd8+ Nxd8 21. Rd1 Bd7 (21... Nc6 22.
Be4 $13) 22. Ng5 Qe8 23. Ne4 {[%cal Ye4d6]} Ne6 24. Nd6 Qb8 25. Qf3 {[%cal
Yf3b7,Yf3f7]} Be8 (25... Nxc5 26. Qxf7+ Kh8 27. Qd5 b6 28. Nf7+ Kg8 29. Ng5+
Kh8 30. b4 $16) 26. Nxb7 Qc7 27. Nd6 Rb8 $132) 20... Qf6 21. Ne4 Rxd1+ 22. Rxd1
Qh4 ({Worth consideration:} 22... Qf5 $5 {, which is, of course, suggested by
Fritz. In this way, Black prevents from White's knight to invade into the d6
square.} 23. Qa4 (23. Qb3 Nd4 $15) 23... Be6 24. Nd6 Qh5 25. Bb3 (25. Nxb7 Nd4
$15) 25... Bxb3 26. Qxb3 Rf8 27. Nxb7 Nd4 $11) 23. Nd6 Be6 24. Bb3 ({Worse is} 
24. Nxb7 Nd4 $15) 24... Qf6 25. Ne4 Qf5 26. Nd6 Qf6 {Black completed his
development, and now his forces are consolidated. White can only win the pawn
back, but this is not enough for an edge.} 27. Nxb7 (27. Ne4 $11) 27... Nd4 28.
Bxd4 (28. Bxe6 Qxe6 (28... Nxe6 29. b4) 29. b4 Qd5 $1 $11) 28... exd4 29. Bxe6
Qxe6 $11 {The evaluation of this position is dynamical equality. White will
not be able to push his pawns on the queenside forward, as well as Black's
passed d-pawn will be blocked by White's knight on d3.} 30. Nc5 Qe2 31. Qb3 a5
32. Rb1 {preparing to put the knight on d3.} ({Only not} 32. Nd3 $4 a4 $19)
32... Re8 (32... a4 {leads to equality as well:} 33. Qd3 $11 (33. Nxa4 d3 34.
Nc5 Rd8 35. Qd1 Bd4 $17)) 33. Nd3 Qd2 34. Rd1 Qg5 35. Rc1 Bf8 {The opponents
don't have any concrete plan, so they start with maneouvres...} 36. Qd1 Qd5 37.
b3 (37. Qa4 Rd8 (37... Re2 $4 38. Nf4 $18) 38. Re1 Qf5 $11) 37... a4 38. bxa4
Qxa2 39. Qc2 Qa3 40. Qc4 Ra8 41. Qxd4 1/2-1/2

[Event "Bundesliga 0304"]
[Site "Germany"]
[Date "2004.03.28"]
[Round "13.2"]
[White "Nisipeanu, Liviu Dieter"]
[Black "Efimenko, Zahar"]
[Result "1/2-1/2"]
[WhiteElo "2675"]
[BlackElo "2547"]
[Annotator "Erenburg,S"]
[PlyCount "45"]
[EventDate "2003.11.01"]
[EventType "team-tourn"]
[EventRounds "15"]
[EventCountry "GER"]
[SourceTitle "CBM 100"]
[Source "ChessBase"]
[SourceDate "2004.06.01"]
[SourceVersion "1"]
[SourceVersionDate "2004.06.01"]
[SourceQuality "1"]
[WhiteTeam "Kreuzberg"]
[BlackTeam "Werder Bremen"]
[WhiteTeamCountry "GER"]
[BlackTeamCountry "GER"]

1. e4 c5 2. c3 d6 3. d4 Nf6 4. Bd3 {Now the Alapin variation was transformed
into a Pirc defence.} g6 5. Nf3 Bg7 6. O-O O-O 7. h3 $1 {Prophylactic move,
which prevents a pin through the h5-d1 diagonal.} Qc7 {preparing b7-b6. This
continuation seems as more flexible than the following ones:} (7... cxd4 8.
cxd4 Nc6 9. Nc3 e5 10. d5 Ne7 11. Be3 Nh5 12. Rc1 Nf4 13. Nb5 a6 14. Nc7 Rb8
15. a4 $14 {1-0 Fedorov,A-Bologan,V/Belfort 1999/CBM 75 (28)}) (7... Nc6 8. d5
Ne5 9. Nxe5 dxe5 10. c4 e6 11. Nc3 exd5 12. cxd5 Nh5 13. Re1 Bd7 14. a4 Kh8 15.
Bb5 a6 16. Bxd7 Qxd7 17. a5 $16 {1-0 Nisipeanu,L-Quezada,Y/XVI Carlos Torre
Mem KO, Merida MEX (2. 2003 (43)}) 8. Be3 {defining the location of the
dark-squared bishop. Kramnik prefered to develop that bishop to g5 in the
following game:} (8. Re1 Nfd7 9. Bg5 Nc6 10. Na3 h6 11. Be3 a6 12. Qd2 Kh7 13.
b4 b5 14. bxc5 dxc5 15. Nc2 Bb7 16. Bf4 e5 17. Bg3 c4 18. Bf1 Rad8 $13 {
1/2-1/2 Kramnik,V-Piket,J/Wijk aan Zee 2001/CBM 81 (50)}) 8... b6 {preparing a
fianchetto of his light-squared bishop.} (8... Rd8 9. Nbd2 e5 10. Re1 h6 11.
dxe5 dxe5 12. Qc2 b6 13. a4 Nc6 14. Nc4 Be6 $11 {0-1 Sulypa,A-Tkachiev,V/
France 1996/CBM 55 ext (38)}) 9. Nbd2 (9. Qe2 Bb7 10. Nbd2 Nbd7 11. a4 a6 12.
Rfe1 h6 13. Nh2 Kh7 14. f4 e6 15. Nhf1 Rfe8 16. Ng3 Nb8 17. e5 Nd5 18. Nde4 $14
{1/2-1/2 Erenburg,S-Arbakov,V/Alushta 2002/CBM 92 (71)}) 9... Bb7 (9... e5 {
is an interesting attempt to equalize.} 10. Re1 Nc6 11. dxe5 dxe5 12. Qc2 Bb7
13. Rad1 Rad8 $11 {0-1 Smyslov,V-Polgar,J/Prague 1995/CBM 48/[Giese] (29)}) 10.
Qb1 Nbd7 11. a4 $146 {According to my database, this position appeared for the
first time. In the preceding game white tried} (11. b4 e5 12. bxc5 bxc5 13.
dxe5 dxe5 14. a4 Nh5 15. a5 Nf4 16. Bc4 h6 17. Nb3 Rab8 18. Qc2 Kh8 19. Nfd2 f5
$13 {0-1 Rubinchik,V-Chernomordik,P/Israel 2003/EXT 2004 (55)}) 11... a6 {
Black prepares to meet white's a4-a5 with b6-b5.} 12. b4 {White has a space
advantage on the queenside, therefore black decides to try to develop a
counterplay on the kingside with} Nh5 13. Ra3 {defending the c3 pawn.} Rab8 14.
d5 {Responsible decision. White limits the possibilities of black's
light-squared bishop, but, on the other hand, he gives black the possibility
to occupy the c5 stronghold.} (14. Qb3 $5 {deserves attention.}) 14... e6 $1 {
attacking white's centre, thus forces white to play c3-c4.} 15. c4 cxb4 16.
Qxb4 a5 17. Qb1 e5 ({Comes to consideration:} 17... Nc5 18. Rd1 (18. Nd4 Bxd4
$1 19. Bxd4 Nf4 $36) 18... e5 $13) 18. c5 $5 {The positional sacrifice of the
pawn is a very interesting decision, and, probably the best one. In this way
white gets some important squares (like c4), the diagonal (f1-a6) and the "c"
file.} Nxc5 (18... bxc5 19. Rb3 $44) 19. Rc1 Bc8 $1 {[%cal Gc8d7] improving
the position of the light-squared bishop.} 20. Rb3 Bd7 21. Bb5 Nf4 22. Kh2 $5 {
[%cal Gb5d7] Very good prophylactic move. Now white is ready to go for an
option of taking on d7, but black will not have the resource of a check on the
1-st rank.} ({An immediate capture leads to black's favour:} 22. Bxf4 exf4 23.
Bxd7 Qxd7 24. Rxb6 Rxb6 25. Qxb6 Qxa4 (25... Nxa4 26. Qxa5) 26. Qxd6 Nxe4 27.
Qxf4 f5 $15) 22... Bc8 $6 {Here black chose not the best move.} ({More
attractive, in my opinion was} 22... Qd8 $5 23. Bxc5 bxc5 24. Bxd7 (24. Nc4 Bc8
$1 $17 {[%cal Gf7f5]}) 24... Rxb3 25. Nxb3 Qxd7 26. Nxa5 Qxa4 27. Nc4 f5 $1 $36
) (22... f5 23. Bxd7 Qxd7 24. Bxc5 dxc5 25. Rxc5 (25. Rxb6 Rxb6 26. Qxb6 fxe4
27. Nxe4 Qxd5 28. Nxc5 e4 $17) 25... fxe4 26. Nxe4 Nxd5 27. Rxa5 bxa5 28. Rxb8
Qxa4 29. Rxf8+ Bxf8 30. Qd3 $1 Nf4 31. Qb1 $1 $11) 23. Bf1 {In the final
position black has some chances for an advantage. The following variations
prove this fact:} (23. g3 Nh5 $15 (23... Nxh3 $2 24. Bf1 Qd7 25. Rxb6 $16)) (
23. Bf1 f5 (23... Bd7 $142 24. Bb5 Qd8 {-see 22...Qd8 variation.}) 24. Bxc5
dxc5 25. Nc4 fxe4 26. Qxe4 Bf5 27. d6 Qd8 28. Qe3 e4 (28... Re8 29. Qd2 Ne6 30.
Qd5) (28... Nd5 29. Qd2 Be4 30. Re1 Bxf3 31. Rxf3 Rxf3 32. Qxd5+ Rf7 33. Nxe5
Bxe5+ 34. Qxe5 {[%cal Gf1c4]} Qf6 35. Bc4 Qxe5+ 36. Rxe5 Rbb7 $15) 29. Qxf4
exf3 30. Qxf3 Bd7 31. Qd5+ Kh8 32. Ne5 Bxa4 33. Rf3 Bf6 34. Bc4 $13 (34. Nf7+
Rxf7 35. Qxf7 Qxd6+ 36. Kg1 Be5 $17)) 1/2-1/2